000 00973nam a22003017a 4500
001 8190
003 FISKH
005 20250901144842.0
008 250901b cb ||||| |||| 00| 0 eng d
020 _a9780590451611
040 _aFISKH
_beng
_cFISKH
_dFISKH
050 _aF68 .M12
082 _a973.22
100 _aMcGovern, Ann
_d(1930–2015)
245 _aIf you sailed on :
_bThe mayflower in 1620 /
_cBy Ann McGovern ; Illustrated by Anna DiVito
250 _aThis edition first published in 1961
260 _aNew York :
_bScholastic,
_c1991
300 _a80 pages :
_bcolor illustrations ;
_c19 x 23 cm
505 _aP
520 _aQuestions and answers describe the voyage of the Mayflower and the Pilgrim's first year in the New World.
521 8 _a600
_bLexile
521 8 _aP
_bRaz-Plus
650 _2Pilgrims
_aPlymouth
650 _2America
_aThanksgiving
700 _aDivito, Anna
_dillustrator
942 _2ddc
_cBK
_n0
999 _c8190
_d8190